[Event "Bruges Masters"]
[Site "Bruges"]
[Date "2019.08.14"]
[Round "7"]
[White "Wilschut, Peter"]
[Black "Maugenest, Ghislain"]
[Result "0-1"]
[WhiteElo "2277"]
[BlackElo "2068"]
[PlyCount "114"]
[EventDate "2019.08.11"]
[EventType "swiss"]
[EventRounds "9"]
[EventCountry "BEL"]
[SourceTitle "CBM 191 Extra"]
[Source "ChessBase"]
[SourceDate "2019.09.30"]
[SourceVersion "1"]
[SourceVersionDate "2019.09.30"]
[SourceQuality "1"]

1. c4 c6 2. Nf3 d5 3. cxd5 cxd5 4. d4 Nc6 5. Nc3 Nf6 6. Bf4 e6 7. e3 Be7 8. h3 0-0 9. Bd3 a6 10. 0-0 Nh5 11. Bh2 Bd7 12. Ne5 Nf6 13. f4 b5 14. g4 b4 15. Ne2 Ne4 16. Nxd7 Qxd7 17. Rc1 f5 18. Ng3 Nxg3 19. Bxg3 Na5 20. Qe2 Qb7 21. gxf5 exf5 22. b3 g6 23. Rc2 Rfe8 24. Rfc1 Bd6 25. Qf3 Rad8 26. Bh4 Rd7 27. Bf6 Rc7 28. Be5 Rxc2 29. Rxc2 Rd8 30. Qf1 Nc6 31. Bxa6 Qb6 32. Bxd6 Rxd6 33. Be2 Re6 34. Bf3 Qd8 35. Qb5 Ne7 36. Kf2 g5 37. fxg5 Qd6 38. Qf1 f4 39. Bg4 Re4 40. Kg2 Ng6 41. Rc8+ Kg7 42. Qc1 fxe3 43. Qc7+ Qxc7 44. Rxc7+ Kf8 45. Be2 Nf4+ 46. Kf1 Rxd4 47. Rc6 Kg7 48. Rf6 Re4 49. Rd6 d4 50. Ke1 Nxh3 51. Rd7+ Kh8 52. Bd3 Rh4 53. g6 hxg6 54. Bxg6 Nf4 55. Be4 Rg4 56. Kf1 e2+ 57. Kf2 Rg1 0-1

[Event "Pardubice Czech op-A 30th"]
[Site "Pardubice"]
[Date "2019.07.27"]
[Round "9"]
[White "Galicek, Stanislav"]
[Black "Wilschut, Peter"]
[Result "0-1"]
[WhiteElo "2140"]
[BlackElo "2279"]
[PlyCount "88"]
[EventDate "2019.07.19"]
[EventType "swiss"]
[EventRounds "9"]
[EventCountry "CZE"]
[SourceTitle "CBM 191"]
[Source "ChessBase"]
[SourceDate "2019.08.31"]
[SourceVersion "1"]
[SourceVersionDate "2019.08.31"]
[SourceQuality "1"]

1. d4 d5 2. c4 c6 3. Nf3 Nf6 4. Nc3 a6 5. e3 Bf5 6. Bd3 Bg6 7. Ne5 e6 8. Nxg6 hxg6 9. h3 g5 10. Be2 Bd6 11. Bd2 Nbd7 12. Qc2 b5 13. cxb5 cxb5 14. e4 b4 15. e5 bxc3 16. Bxc3 Be7 17. exf6 Bxf6 18. a4 0-0 19. 0-0 a5 20. Bb5 Nb6 21. Qd3 Qd6 22. Rab1 Rfc8 23. Rfc1 Nc4 24. Be1 Qf4 25. Bc3 g4 26. g3 Qh6 27. hxg4 Qh3 28. Qf3 Qh6 29. Qh1 Qg6 30. Qh5 Qe4 31. g5 Qf5 32. f4 g6 33. Qf3 Bxg5 34. b3 Nd6 35. Bd3 Qf6 36. Kg2 Bh6 37. Qe3 Nf5 38. Qe5 Qd8 39. Bxf5 exf5 40. Bb2 Bg7 41. Qe3 Qb6 42. Rc5 Re8 43. Qf3 Re4 44. Rxd5 Qc6 0-1

[Event "Pardubice Czech op-A 30th"]
[Site "Pardubice"]
[Date "2019.07.24"]
[Round "6"]
[White "Wilschut, Peter"]
[Black "Jezbera, Jiri"]
[Result "1-0"]
[WhiteElo "2279"]
[BlackElo "2133"]
[PlyCount "79"]
[EventDate "2019.07.19"]
[EventType "swiss"]
[EventRounds "9"]
[EventCountry "CZE"]
[SourceTitle "CBM 191"]
[Source "ChessBase"]
[SourceDate "2019.08.31"]
[SourceVersion "1"]
[SourceVersionDate "2019.08.31"]
[SourceQuality "1"]

1. e4 c5 2. Nf3 e6 3. Qe2 Nc6 4. g3 g6 5. Bg2 Bg7 6. h4 h6 7. 0-0 d6 8. c3 Nge7 9. Na3 0-0 10. d4 cxd4 11. cxd4 d5 12. e5 Nf5 13. Nc2 Bd7 14. Rd1 Rc8 15. Ne3 Nxe3 16. Bxe3 Nb4 17. Ne1 Qb6 18. Qd2 Kh7 19. h5 Rc7 20. a3 Na6 21. hxg6+ fxg6 22. Rdc1 Rfc8 23. Rxc7 Qxc7 24. Bf1 Nb8 25. Nd3 Be8 26. Rc1 Qd8 27. Nf4 Rxc1 28. Qxc1 Qd7 29. Bh3 Bf7 30. Qc2 Qe8 31. Qc7 Nc6 32. Qxb7 Na5 33. Qa6 Nc4 34. Bxe6 g5 35. Bf5+ Kh8 36. Ne6 Qb8 37. Nxg7 Nxe3 38. Qxh6+ Kg8 39. Nh5 Bxh5 40. Be6+ 1-0

[Event "Saint Quentin op 1st"]
[Site "Saint Quentin"]
[Date "2019.07.12"]
[Round "9"]
[White "Jerez Perez, Alfonso"]
[Black "Wilschut, Peter"]
[Result "1-0"]
[WhiteElo "2394"]
[BlackElo "2279"]
[PlyCount "71"]
[EventDate "2019.07.06"]
[EventType "swiss"]
[EventRounds "9"]
[EventCountry "FRA"]
[SourceTitle "CBM 191 Extra"]
[Source "ChessBase"]
[SourceDate "2019.09.30"]
[SourceVersion "1"]
[SourceVersionDate "2019.09.30"]
[SourceQuality "1"]

1. e4 c6 2. d4 d5 3. exd5 cxd5 4. c4 dxc4 5. Bxc4 Qc7 6. Bb3 Bg4 7. f3 Bd7 8. Nc3 e6 9. Nge2 Nf6 10. Bf4 Bd6 11. Qd2 Bxf4 12. Nxf4 0-0 13. 0-0 Qd6 14. d5 e5 15. Nfe2 Na6 16. Ng3 Nc5 17. Bc2 Ne6 18. Kh1 Nf4 19. Bb3 Rad8 20. Rad1 Qb6 21. Rfe1 Rfe8 22. d6 g6 23. Nge4 Nxe4 24. Nxe4 Kg7 25. g3 Ne6 26. Qd5 f6 27. Nxf6 Kxf6 28. Qxe5+ Kf7 29. Rd4 g5 30. Rde4 Kg6 31. Bc2 Kf7 32. Qf5+ Kg7 33. Re5 Rh8 34. Rxe6 Bxe6 35. Qxg5+ Kf8 36. Qe7+ 1-0

[Event "Saint Quentin op 1st"]
[Site "Saint Quentin"]
[Date "2019.07.07"]
[Round "2"]
[White "Wilschut, Peter"]
[Black "Velten, Paul"]
[Result "0-1"]
[WhiteElo "2279"]
[BlackElo "2513"]
[PlyCount "80"]
[EventDate "2019.07.06"]
[EventType "swiss"]
[EventRounds "9"]
[EventCountry "FRA"]
[SourceTitle "CBM 191 Extra"]
[Source "ChessBase"]
[SourceDate "2019.09.30"]
[SourceVersion "1"]
[SourceVersionDate "2019.09.30"]
[SourceQuality "1"]

1. c4 e5 2. Nc3 Nc6 3. Nf3 Nf6 4. e4 d6 5. d4 Be7 6. dxe5 Nxe5 7. Nxe5 dxe5 8. Qxd8+ Bxd8 9. f3 c6 10. Be3 Nd7 11. h4 Bb6 12. Bxb6 axb6 13. b3 Nc5 14. 0-0-0 Ke7 15. Bd3 Be6 16. Kb2 f6 17. Bc2 h5 18. Rd2 Rad8 19. Rxd8 Rxd8 20. Rd1 Rg8 21. Ne2 g5 22. hxg5 fxg5 23. Rh1 h4 24. Kc3 Rf8 25. Kd2 h3 26. Ke3 g4 27. f4 exf4+ 28. Nxf4 hxg2 29. Rg1 Ra8 30. Bb1 Nd7 31. Rxg2 Ne5 32. Rh2 Bf7 33. Nd3 Nf3 34. Rh6 Rg8 35. Nf4 Ne5 36. Kd4 Rg5 37. Rh1 g3 38. Ke3 Rg8 39. Bd3 g2 40. Rg1 Rg3+ 0-1

[Event "Leiden LCT op-A 11th"]
[Site "Leiden"]
[Date "2017.07.21"]
[Round "7"]
[White "Warmerdam, Max"]
[Black "Wilschut, Peter"]
[Result "1-0"]
[WhiteElo "2357"]
[BlackElo "2259"]
[PlyCount "75"]
[EventDate "2017.07.14"]
[EventType "swiss"]
[EventRounds "9"]
[EventCountry "NED"]
[SourceTitle "EXT 2018"]
[Source "ChessBase"]
[SourceDate "2017.10.13"]
[SourceVersion "1"]
[SourceVersionDate "2017.10.13"]
[SourceQuality "1"]

1. e4 e6 2. d4 d5 3. Nc3 Bb4 4. e5 b6 5. Qg4 Bf8 6. Bg5 Qd7 7. f4 Ba6 8. Bxa6 Nxa6 9. Nge2 f6 10. exf6 gxf6 11. Bh4 f5 12. Qf3 Qf7 13. 0-0-0 Be7 14. Bxe7 Nxe7 15. Rhe1 0-0-0 16. Ng1 c6 17. Qe2 Nc7 18. Nf3 Ng6 19. g3 h6 20. Rd3 Kb7 21. Nd1 Rhe8 22. Re3 Qf8 23. Nf2 c5 24. dxc5 bxc5 25. c4 Rd6 26. Ne5 Nxe5 27. Rxe5 dxc4 28. Qxc4 Rd4 29. Qxc5 Qxc5+ 30. Rxc5 Kb6 31. Rce5 Red8 32. Nd1 h5 33. b3 h4 34. Nb2 hxg3 35. hxg3 Rh8 36. Nc4+ Kc6 37. R5e3 Rh2 38. Ne5+ 1-0

[Event "Leiden LCT op-A 11th"]
[Site "Leiden"]
[Date "2017.07.20"]
[Round "6"]
[White "Wilschut, Peter"]
[Black "Kanters, Cor"]
[Result "1-0"]
[WhiteElo "2259"]
[BlackElo "1918"]
[PlyCount "55"]
[EventDate "2017.07.14"]
[EventType "swiss"]
[EventRounds "9"]
[EventCountry "NED"]
[SourceTitle "EXT 2018"]
[Source "ChessBase"]
[SourceDate "2017.10.13"]
[SourceVersion "1"]
[SourceVersionDate "2017.10.13"]
[SourceQuality "1"]

1. e4 c5 2. Nf3 Nc6 3. Bb5 e6 4. Bxc6 dxc6 5. d3 Qc7 6. e5 Ne7 7. h4 Nf5 8. Bf4 Be7 9. Nbd2 b6 10. Qe2 Bb7 11. a4 Nd4 12. Nxd4 cxd4 13. a5 c5 14. axb6 axb6 15. Rxa8+ Bxa8 16. Qg4 g6 17. h5 Rg8 18. 0-0 b5 19. Ra1 Kd7 20. Bg3 Bb7 21. Ne4 Qc6 22. Qf4 Ke8 23. hxg6 Rxg6 24. Bh4 Bxh4 25. Qxh4 h6 26. Ra7 c4 27. Rxb7 Rxg2+ 28. Kf1 1-0

[Event "Leiden op-A 10th"]
[Site "Leiden"]
[Date "2016.07.22"]
[Round "6"]
[White "Van Straaten, Marco"]
[Black "Wilschut, Peter"]
[Result "0-1"]
[WhiteElo "1941"]
[BlackElo "2237"]
[PlyCount "114"]
[EventDate "2016.07.15"]
[EventType "swiss"]
[EventRounds "9"]
[EventCountry "NED"]
[SourceTitle "CBM 173 Extra"]
[Source "ChessBase"]
[SourceDate "2016.08.29"]
[SourceVersion "1"]
[SourceVersionDate "2016.08.29"]
[SourceQuality "1"]

1. e4 e6 2. d4 d5 3. Nc3 Bb4 4. e5 c5 5. a3 Ba5 6. b4 cxd4 7. Qg4 Ne7 8. bxa5 dxc3 9. Qxg7 Rg8 10. Qxh7 Nbc6 11. Nf3 Qc7 12. Bf4 Bd7 13. a6 0-0-0 14. axb7+ Kb8 15. Qd3 d4 16. Nxd4 Nxd4 17. Qxd4 Bb5 18. Qd6 Rxd6 19. exd6 Qxb7 20. Rb1 a6 21. dxe7+ Kc8 22. Bxb5 axb5 23. e8Q+ Rxe8 24. 0-0 e5 25. Rfe1 f6 26. Rb3 Kd7 27. Rxc3 Rc8 28. Bd2 Rxc3 29. Bxc3 Qd5 30. h3 Qa2 31. Bb4 Qxc2 32. Re3 Ke6 33. Rc3 Qe2 34. Re3 Qd1+ 35. Kh2 Qf1 36. f3 f5 37. Re1 Qc4 38. Kh1 Qd3 39. Kh2 e4 40. fxe4 fxe4 41. Kh1 Kd5 42. Rc1 e3 43. Re1 Kd4 44. Kh2 Qf5 45. Kh1 e2 46. Kh2 Ke3 47. Rg1 Qe5+ 48. Kh1 Kd3 49. Rc1 Qd5 50. Rg1 Ke3 51. Ba5 Kf4 52. Bc7+ Kg5 53. Ba5 Qb3 54. Bb4 Kf4 55. Re1 Qd1 56. Kg1 Kg3 57. Bc3 Qd5 0-1

[Event "Leiden op-A 10th"]
[Site "Leiden"]
[Date "2016.07.17"]
[Round "3"]
[White "Wilschut, Peter"]
[Black "Pavlovic, Milos"]
[Result "1/2-1/2"]
[WhiteElo "2237"]
[BlackElo "2475"]
[PlyCount "64"]
[EventDate "2016.07.15"]
[EventType "swiss"]
[EventRounds "9"]
[EventCountry "NED"]
[SourceTitle "CBM 173 Extra"]
[Source "ChessBase"]
[SourceDate "2016.08.29"]
[SourceVersion "1"]
[SourceVersionDate "2016.08.29"]
[SourceQuality "1"]

1. c4 g6 2. Nc3 Bg7 3. g3 Nf6 4. Bg2 0-0 5. Nf3 c6 6. 0-0 d5 7. cxd5 cxd5 8. d4 e6 9. Ne5 Nfd7 10. Nxd7 Bxd7 11. e3 Nc6 12. b3 Qe7 13. Bb2 Rfc8 14. Re1 Qd8 15. Qd2 Ne7 16. Rec1 Nf5 17. Ne2 Nd6 18. Rxc8 Rxc8 19. Rc1 Rc6 20. Rxc6 Bxc6 21. Nf4 a5 22. a4 b5 23. Qc2 Qb6 24. axb5 Bxb5 25. Ba3 Bf8 26. Bf1 Qc6 27. Qxc6 Bxc6 28. Bc5 Ne4 29. Bxf8 Kxf8 30. Nd3 Ke7 31. Nc1 a4 32. bxa4 Bxa4 1/2-1/2

[Event "Leiden op-A 9th"]
[Site "Leiden"]
[Date "2015.07.20"]
[Round "4"]
[White "Dellert, Lena"]
[Black "Wilschut, Peter"]
[Result "1/2-1/2"]
[WhiteElo "1835"]
[BlackElo "2238"]
[PlyCount "143"]
[EventDate "2015.07.17"]
[EventType "swiss"]
[EventRounds "9"]
[EventCountry "NED"]
[SourceTitle "CBM 167 Extra"]
[Source "ChessBase"]
[SourceDate "2015.09.14"]
[SourceVersion "1"]
[SourceVersionDate "2015.09.14"]
[SourceQuality "1"]

1. e4 e6 2. d4 d5 3. Nd2 Nf6 4. e5 Nfd7 5. Bd3 c5 6. c3 Nc6 7. Ne2 cxd4 8. cxd4 f6 9. exf6 Qxf6 10. Nf3 h6 11. Qc2 Bb4+ 12. Bd2 0-0 13. Bxb4 Nxb4 14. Qb3 Nxd3+ 15. Qxd3 Nb8 16. 0-0 Nc6 17. Nc3 Bd7 18. Rae1 Rac8 19. Re3 Be8 20. Rfe1 Bg6 21. Qd2 Bf5 22. Ne5 Nxe5 23. Rxe5 Qh4 24. f3 h5 25. Qf2 Qf6 26. Qe3 Rc4 27. b3 Rc6 28. Ne2 Rc2 29. Ng3 Qg6 30. Re2 Rxe2 31. Qxe2 Rc8 32. Nxf5 exf5 33. Rxd5 Rc1+ 34. Kf2 f4 35. Rc5 Rxc5 36. dxc5 Qg5 37. Qe8+ Kh7 38. Qe4+ Kh8 39. b4 Qh4+ 40. Kg1 Kg8 41. g3 Qd8 42. gxf4 h4 43. Kg2 Qd2+ 44. Kh3 Qxa2 45. f5 Qf2 46. Qg4 Qf1+ 47. Kxh4 Qf2+ 48. Kh3 Qf1+ 49. Qg2 Qd3 50. Qg4 Qf1+ 51. Kh4 Qf2+ 52. Kg5 Qxh2 53. Qe4 Qg3+ 54. Qg4 Qh2 55. Qc4+ Kf8 56. Kg4 a6 57. Qd4 Qg2+ 58. Kf4 Qh2+ 59. Ke4 Qe2+ 60. Kf4 Qh2+ 61. Ke3 Qg1+ 62. Ke4 Qe1+ 63. Kd5 Qe2 64. Qe4 Qb5 65. f4 Qd7+ 66. Kc4 Qb5+ 67. Kc3 a5 68. bxa5 Qxc5+ 69. Kd3 Qxa5 70. Qxb7 Qxf5+ 71. Qe4 Qb5+ 72. Kd4 1/2-1/2

[Event "Leiden op-A 9th"]
[Site "Leiden"]
[Date "2015.07.19"]
[Round "3"]
[White "Wilschut, Peter"]
[Black "Petrov, Marian"]
[Result "1/2-1/2"]
[WhiteElo "2238"]
[BlackElo "2487"]
[PlyCount "119"]
[EventDate "2015.07.17"]
[EventType "swiss"]
[EventRounds "9"]
[EventCountry "NED"]
[SourceTitle "CBM 167 Extra"]
[Source "ChessBase"]
[SourceDate "2015.09.14"]
[SourceVersion "1"]
[SourceVersionDate "2015.09.14"]
[SourceQuality "1"]

1. c4 g6 2. Nc3 Bg7 3. g3 Nf6 4. Bg2 0-0 5. Nf3 d6 6. 0-0 e5 7. d3 c6 8. Rb1 Re8 9. Bg5 h6 10. Bxf6 Bxf6 11. b4 Bg7 12. b5 c5 13. Ne1 f5 14. Nd5 Nd7 15. Nc2 h5 16. e4 f4 17. gxf4 exf4 18. Nxf4 Ne5 19. Nd5 g5 20. Nce3 g4 21. f4 gxf3 22. Bxf3 Rf8 23. Bg2 Qg5 24. Rxf8+ Bxf8 25. Kh1 Bg7 26. Nf5 Bxf5 27. exf5 Ng4 28. Qe1 Kh8 29. f6 Bxf6 30. Nxf6 Qxf6 31. Qg3 Rg8 32. Rf1 Qe7 33. Be4 Rf8 34. Rxf8+ Qxf8 35. Bf3 Ne5 36. Be2 Qh6 37. Qh4 Kg7 38. Qe7+ Nf7 39. Qxb7 Qc1+ 40. Kg2 Qg5+ 41. Kf1 Qc1+ 42. Kf2 Qf4+ 43. Qf3 Qxh2+ 44. Qg2+ Qxg2+ 45. Kxg2 d5 46. a4 dxc4 47. dxc4 Nd6 48. a5 Kf6 49. Kf3 h4 50. Kf4 h3 51. b6 axb6 52. axb6 Ke7 53. Ke5 h2 54. Bf3 Nxc4+ 55. Kd5 Nxb6+ 56. Kxc5 Nd7+ 57. Kd4 Kf6 58. Ke3 Ne5 59. Bb7 Kg5 60. Kf2 1/2-1/2

[Event "Maastricht Limburg op-A 8th"]
[Site "Maastricht"]
[Date "2014.06.08"]
[Round "5"]
[White "Commercon, Simon"]
[Black "Wilschut, Peter"]
[Result "0-1"]
[WhiteElo "2219"]
[BlackElo "2258"]
[PlyCount "84"]
[EventDate "2014.06.06"]
[EventType "swiss"]
[EventRounds "7"]
[EventCountry "NED"]
[SourceTitle "CBM 160 Extra"]
[Source "ChessBase"]
[SourceDate "2014.07.01"]
[SourceVersion "1"]
[SourceVersionDate "2014.07.01"]
[SourceQuality "1"]

1. d4 d5 2. c4 c6 3. Nf3 Nf6 4. Nc3 a6 5. c5 g6 6. h3 Bg7 7. Bf4 Bf5 8. Qb3 Qc8 9. e3 Nbd7 10. Be2 0-0 11. g4 Be4 12. Rg1 Bxf3 13. Bxf3 e5 14. Bg3 exd4 15. exd4 Re8+ 16. Kf1 Ne4 17. Rd1 Nxg3+ 18. Rxg3 Qc7 19. Qc2 Nf8 20. b4 Ne6 21. Ne2 Qe7 22. Bg2 Nxd4 23. Nxd4 Bxd4 24. Qd3 Bg7 25. Re3 Qd7 26. Rde1 Re6 27. a4 Rae8 28. b5 axb5 29. axb5 Qe7 30. bxc6 bxc6 31. Qa6 Qxc5 32. Rxe6 fxe6 33. Kg1 e5 34. Qb7 e4 35. Qd7 Rf8 36. Qe6+ Kh8 37. Kh1 Rxf2 38. Rb1 Rf8 39. Qd7 Qc2 40. Rf1 Rxf1+ 41. Bxf1 h6 42. h4 Qf2 0-1

[Event "Maastricht Limburg op-A 8th"]
[Site "Maastricht"]
[Date "2014.06.07"]
[Round "2"]
[White "Wilschut, Peter"]
[Black "Helmer, Christoph"]
[Result "1/2-1/2"]
[WhiteElo "2258"]
[BlackElo "2069"]
[PlyCount "55"]
[EventDate "2014.06.06"]
[EventType "swiss"]
[EventRounds "7"]
[EventCountry "NED"]
[SourceTitle "CBM 160 Extra"]
[Source "ChessBase"]
[SourceDate "2014.07.01"]
[SourceVersion "1"]
[SourceVersionDate "2014.07.01"]
[SourceQuality "1"]

1. Nf3 Nf6 2. b3 e6 3. Bb2 d5 4. e3 Bd6 5. c4 Nbd7 6. Nc3 c6 7. Qc2 Qe7 8. cxd5 exd5 9. Be2 0-0 10. h3 Nc5 11. d3 Ne6 12. 0-0 Re8 13. Rfe1 h6 14. e4 dxe4 15. Nxe4 Nxe4 16. dxe4 Bb4 17. Bc3 Qc5 18. Rac1 Ba3 19. Bb2 Qxc2 20. Rxc2 Bxb2 21. Rxb2 Nf4 22. Bf1 Be6 23. Rd2 Rad8 24. Red1 Rxd2 25. Rxd2 Kf8 26. Nd4 Ke7 27. Nxe6 Nxe6 28. f3 1/2-1/2

[Event "Maastricht Limburg op-A 8th"]
[Site "Maastricht"]
[Date "2014.06.06"]
[Round "1"]
[White "Berg, Emanuel"]
[Black "Wilschut, Peter"]
[Result "1-0"]
[WhiteElo "2547"]
[BlackElo "2258"]
[PlyCount "141"]
[EventDate "2014.06.06"]
[EventType "swiss"]
[EventRounds "7"]
[EventCountry "NED"]
[SourceTitle "CBM 160 Extra"]
[Source "ChessBase"]
[SourceDate "2014.07.01"]
[SourceVersion "1"]
[SourceVersionDate "2014.07.01"]
[SourceQuality "1"]

1. e4 e6 2. d4 d5 3. Nc3 Nc6 4. e5 Nge7 5. Nf3 Nf5 6. Bb5 Be7 7. Ne2 Bd7 8. Bd3 Nb4 9. Bxf5 exf5 10. h4 h6 11. Nf4 Be6 12. c3 Nc6 13. h5 Qd7 14. Rh3 Na5 15. Rg3 Rg8 16. b3 0-0-0 17. a4 Qc6 18. Qc2 Kb8 19. Ba3 Bxa3 20. Rxa3 Qd7 21. Ra1 Qe7 22. Ke2 Bc8 23. Rh1 b6 24. b4 Nc4 25. Nd2 Nxd2 26. Kxd2 Qd7 27. Ra1 a6 28. Qd3 Ka7 29. a5 b5 30. Rh1 Qc6 31. Qc2 Qe8 32. Kc1 Qf8 33. Qd2 Qe8 34. Nd3 Qc6 35. Nc5 Rde8 36. Qf4 Kb8 37. Kb2 Ka7 38. Rh2 Kb8 39. Rh4 Re7 40. Rh1 Ree8 41. Rc1 Re7 42. Re3 Rge8 43. Rh1 Ka7 44. Qh4 f6 45. f4 Rf8 46. Rhe1 Qe8 47. Qh3 fxe5 48. Rxe5 Rxe5 49. Rxe5 Qc6 50. Qf3 Rd8 51. Re7 Re8 52. Rxg7 Re4 53. Rg6 Be6 54. Rxh6 Qe8 55. Rxe6 Rxe6 56. Nxe6 Qxe6 57. Kc2 Qe1 58. g3 c6 59. Kd3 Kb7 60. Kc2 Kc7 61. h6 Qe6 62. Qh5 Qe4+ 63. Kb2 Qg2+ 64. Kb3 Qf1 65. Qf7+ Kb8 66. Qxf5 Qh1 67. h7 Kb7 68. Qf7+ Kc8 69. Qf5+ Kc7 70. g4 Qd1+ 71. Qc2 1-0

[Event "Split op 3rd"]
[Site "Split"]
[Date "2013.08.13"]
[Round "4"]
[White "Colin, Vincent"]
[Black "Wilschut, Peter"]
[Result "1/2-1/2"]
[WhiteElo "2402"]
[BlackElo "2238"]
[PlyCount "49"]
[EventDate "2013.08.10"]
[EventType "swiss"]
[EventRounds "9"]
[EventCountry "CRO"]
[SourceTitle "CBM 155 Extra"]
[Source "ChessBase"]
[SourceDate "2013.08.26"]
[SourceVersion "1"]
[SourceVersionDate "2013.08.26"]
[SourceQuality "1"]

1. c4 Nf6 2. Nc3 c6 3. e4 d5 4. exd5 cxd5 5. d4 Nc6 6. Bg5 e6 7. Nf3 Be7 8. Rc1 Ne4 9. Bxe7 Qxe7 10. c5 0-0 11. Bb5 Nxc3 12. Rxc3 e5 13. dxe5 Nxe5 14. Nxe5 Qxe5+ 15. Qe2 Qg5 16. 0-0 d4 17. Rcc1 Be6 18. f4 Qf6 19. a3 Rad8 20. Rf2 a6 21. Ba4 d3 22. Qd2 Rd4 23. Bd1 Bd5 24. Rc3 Rd8 25. Bf3 1/2-1/2

[Event "Maastricht Limburg op-A 7th"]
[Site "Maastricht"]
[Date "2013.05.19"]
[Round "5"]
[White "Daamen, Ferry"]
[Black "Wilschut, Peter"]
[Result "0-1"]
[WhiteElo "2044"]
[BlackElo "2227"]
[PlyCount "124"]
[EventDate "2013.05.17"]
[EventType "swiss"]
[EventRounds "7"]
[EventCountry "NED"]
[SourceTitle "EXT 2014"]
[Source "ChessBase"]
[SourceDate "2013.11.20"]
[SourceVersion "1"]
[SourceVersionDate "2013.11.20"]
[SourceQuality "1"]

1. d4 Nf6 2. c4 c5 3. d5 b5 4. cxb5 a6 5. bxa6 g6 6. b3 d6 7. Bb2 Bg7 8. g3 0-0 9. Bg2 Nxa6 10. Nh3 Nb4 11. Nf4 Rxa2 12. Rxa2 Nxa2 13. 0-0 Nb4 14. Nc3 Bf5 15. Qd2 Bc2 16. Nd3 Nxd3 17. Qxc2 Nxb2 18. Qxb2 Qb6 19. Qc2 Rb8 20. Rb1 Ng4 21. e3 Qa5 22. Ne4 Ra8 23. h3 Ne5 24. Nd2 Qa2 25. Rc1 Qxc2 26. Rxc2 Ra1+ 27. Kh2 Nd3 28. Nc4 Nb4 29. Re2 Bc3 30. h4 Ra2 31. Rxa2 Nxa2 32. Be4 Be1 33. Kg2 f5 34. Bb1 Nc3 35. Bc2 Nxd5 36. Kf1 Bc3 37. f3 Nb4 38. Bb1 Kf7 39. e4 fxe4 40. fxe4 Kf6 41. Ke2 Nc6 42. Kf2 h6 43. Bc2 Be5 44. g4 e6 45. Bd1 d5 46. exd5 exd5 47. Nb6 Ke6 48. Bf3 Ne7 49. h5 g5 50. Ke2 Kd6 51. Kd3 Bg7 52. Ke3 Bd4+ 53. Kd3 Bf2 54. Ke2 Bg1 55. Na4 Nc6 56. Kd2 Ne5 57. Bd1 Bd4 58. Be2 Kc6 59. Kc2 c4 60. bxc4 dxc4 61. Nc3 Bxc3 62. Kxc3 Kd5 0-1

[Event "Maastricht Limburg op-A 7th"]
[Site "Maastricht"]
[Date "2013.05.18"]
[Round "2"]
[White "Van Osch, Mees"]
[Black "Wilschut, Peter"]
[Result "1/2-1/2"]
[WhiteElo "2147"]
[BlackElo "2227"]
[PlyCount "103"]
[EventDate "2013.05.17"]
[EventType "swiss"]
[EventRounds "7"]
[EventCountry "NED"]
[SourceTitle "EXT 2014"]
[Source "ChessBase"]
[SourceDate "2013.11.20"]
[SourceVersion "1"]
[SourceVersionDate "2013.11.20"]
[SourceQuality "1"]

1. e4 e6 2. d4 d5 3. Nc3 Nc6 4. e5 Nge7 5. Nf3 Nf5 6. Bg5 f6 7. exf6 gxf6 8. Bf4 Bd6 9. Qd2 0-0 10. 0-0-0 Nce7 11. g4 Bxf4 12. Qxf4 Ng6 13. Qd2 Nd6 14. Bd3 f5 15. gxf5 Nxf5 16. Rde1 Qf6 17. Rhg1 Bd7 18. Ne5 Be8 19. Ng4 Qxd4 20. Rxe6 Ng7 21. Re7 Qc5 22. Ree1 Qd4 23. Qg5 c6 24. Ne2 Qa4 25. Kb1 Qb4 26. Nf6+ Rxf6 27. Qxf6 Bf7 28. Ng3 Rf8 29. a3 Qd2 30. Re2 Qh6 31. h4 Qxh4 32. Qxh4 Nxh4 33. Bxh7+ Kxh7 34. Rh1 Kg6 35. Rxh4 Kg5 36. Rh7 Kg6 37. Rh1 Kf6 38. Kc1 Bg6 39. f4 Ne8 40. Rh6 Kg7 41. Rh1 Rxf4 42. Re7+ Kf6 43. Rxb7 Rg4 44. Nf1 Be4 45. Ne3 Rg3 46. Rf1+ Ke6 47. Re1 Nf6 48. Rxa7 Kd6 49. b4 Nd7 50. Ra8 Ne5 51. Rf8 Nf3 52. Rh1 1/2-1/2

[Event "Montcada op 20th"]
[Site "Montcada"]
[Date "2012.06.27"]
[Round "3"]
[White "Wilschut, Peter"]
[Black "Cruz Estrada, Filemon"]
[Result "1-0"]
[WhiteElo "2233"]
[BlackElo "2404"]
[PlyCount "147"]
[EventDate "2012.06.25"]
[EventType "swiss"]
[EventRounds "9"]
[EventCountry "ESP"]
[SourceTitle "CBM 149 Extra"]
[Source "ChessBase"]
[SourceDate "2012.08.24"]
[SourceVersion "1"]
[SourceVersionDate "2012.08.24"]
[SourceQuality "1"]

1. c4 c5 2. Nc3 b6 3. e4 e6 4. g3 Bb7 5. Bg2 d6 6. Nge2 a6 7. 0-0 Nf6 8. a3 Qc7 9. d3 Be7 10. b4 cxb4 11. axb4 Nbd7 12. b5 a5 13. Na4 0-0 14. h3 Rfe8 15. Bf4 Ne5 16. Be3 Nfd7 17. Rc1 Rac8 18. f4 Ng6 19. Nd4 Nc5 20. f5 exf5 21. Nxf5 Bf6 22. Nh6+ gxh6 23. Rxf6 Nxa4 24. Qxa4 d5 25. Bxb6 Qxg3 26. Rf3 Qg5 27. Be3 Qe7 28. cxd5 Rxc1+ 29. Bxc1 Bxd5 30. Qd4 Bb7 31. Bb2 Ne5 32. Rg3+ Kh8 33. Qe3 Qf6 34. Bxe5 Qxe5 35. d4 Qc7 36. e5 Rg8 37. Rxg8+ Kxg8 38. d5 Qc4 39. e6 fxe6 40. Qxe6+ Kg7 41. Qe7+ Kg8 42. Qxb7 Qd4+ 43. Kf1 Qf4+ 44. Ke2 Qe5+ 45. Kd3 Qg3+ 46. Kd4 Qxg2 47. Qc8+ Kf7 48. Qe6+ Kf8 49. Qxh6+ Ke8 50. Qe3+ Kd7 51. Qe6+ Kd8 52. Kc5 a4 53. Qf6+ Kd7 54. Qf5+ Kd8 55. Kc6 Qg7 56. Qf4 Qc3+ 57. Kb6 a3 58. Qf8+ Kd7 59. Qf7+ Kd8 60. Qg8+ Kd7 61. Qe6+ Kd8 62. Qd6+ Kc8 63. Qe6+ Kd8 64. d6 Qg7 65. h4 h5 66. Ka6 Qd7 67. Qg8+ Qe8 68. Qd5 Qd7 69. Kb6 a2 70. Qg8+ Qe8 71. Qxa2 Qe3+ 72. Ka6 Kd7 73. Qd5 Qa3+ 74. Kb7 1-0

[Event "Montcada op 20th"]
[Site "Montcada"]
[Date "2012.06.25"]
[Round "1"]
[White "Wilschut, Peter"]
[Black "Peralta, Fernando"]
[Result "0-1"]
[WhiteElo "2233"]
[BlackElo "2590"]
[PlyCount "100"]
[EventDate "2012.06.25"]
[EventType "swiss"]
[EventRounds "9"]
[EventCountry "ESP"]
[SourceTitle "CBM 149 Extra"]
[Source "ChessBase"]
[SourceDate "2012.08.24"]
[SourceVersion "1"]
[SourceVersionDate "2012.08.24"]
[SourceQuality "1"]

1. c4 e6 2. Nc3 d5 3. e3 Nf6 4. Nf3 c5 5. Qc2 Nc6 6. Be2 d4 7. exd4 cxd4 8. Ne4 Nxe4 9. Qxe4 Be7 10. Ne5 Nxe5 11. Qxe5 0-0 12. d3 Bb4+ 13. Bd2 f6 14. Qb5 Bxd2+ 15. Kxd2 Bd7 16. Qb4 Bc6 17. Rag1 a5 18. Qc5 a4 19. Bf3 Ra5 20. Qb4 Qc7 21. Kc2 Rf5 22. Re1 e5 23. Rhf1 Bxf3 24. gxf3 Qc6 25. Rg1 Rf7 26. Rg3 Rxf3 27. Re2 b6 28. Rxf3 Qxf3 29. Kd2 Qc6 30. Re4 g5 31. h4 h6 32. Ke2 Kg7 33. h5 Qc5 34. Qxc5 bxc5 35. Kf3 Rb7 36. Re2 Kf7 37. Kg4 Ke6 38. f3 f5+ 39. Kg3 Kf6 40. Kh3 Ra7 41. Kg3 Rg7 42. Re1 g4 43. b3 a3 44. Rb1 f4+ 45. Kg2 gxf3+ 46. Kxf3 Rg3+ 47. Ke4 Ke6 48. Re1 f3 49. b4 f2 50. Ra1 Re3# 0-1